British TV Shows - Statistics

General Stats
  • This quiz has been taken 1,192 times
  • The average score is 14 of 25
Answer Stats
Hint Answer % Correct
It's been running since 1960. Famous for its cobbles and constant affairs. Coronation Street
91%
'Get outta my pub!'. Unrealistically, at least one death a year occurs on the square. Eastenders
83%
Wheelin' & Dealin' duo. 'This time next year we'll be millionaires!' Only Fools and Horses
82%
Racing cars and causing offense are a couple of things the 3 presenters enjoy doing. Top Gear
82%
Musical contest. Cowell, Osbourne, Walsh. The X Factor
80%
Time and relative dimension in space. The Master, Rose Tyler, K-9. Doctor Who
76%
Quiz show which began in 1972. Specialist Subject... Mastermind
75%
Hiring and Firing is the heart and soul of this show. Big reward at the end of each series. The Apprentice
75%
Housemates pretend to like/hate each other for about 3 months. Big Brother
71%
Classic childrens/family show quickly going out of fashion. 'Here's one I made earlier'. Blue Peter
70%
Mismanaged hotel on the south coast. 'Don't Mention the War!' Fawlty Towers
68%
A Mockumentary that many argue the U.S Version is better. The Office
65%
What people go on to 'sort out' their social problems.The U.S have Jerry instead. The Jeremy Kyle Show
63%
Idiot from London who's once been to LA, His best friend is his Teddy. Mr Bean
54%
Political satire entertainment on a Friday evening. Alternatively hosted each episode. Have I Got News For You
52%
London based crime drama. Modern take on a classic character. Sherlock
49%
A bunch of couch potatoes who rarely leave their living room enjoying their polo mints. The Royle Family
45%
Musical themed show aired it's final weekly episode in 2006. Top Of The Pops
43%
Drama on a Yorkshire estate. Plot links with events such as the Titanic and WW1. Downton Abbey
41%
Catchy theme tune goes with this weekend fixture of a show. Match Of The Day
40%
McKenzie, Cooper, Cartwright, Sutherland. Socially awkward is an understatement. The Inbetweeners
35%
Sports programme with another catchy theme tune. Ended in 2007. Grandstand
26%
Mark and Jez are the most awkward duo in London. 'Men with Ven'. Peep Show
25%
3 strange men live with 1 unusual woman on a depressing island. Father Ted
24%
Drama series. Group of con men and woman who only take from the rich. Hustle
19%
No matching quizzes found
Score Distribution
Percent of People with Each Score
Percentile by Number Answered
Your Score History
You have not taken this quiz